000 00728nam a2200205 a 4500
001 11084
003 CO-ViMGA
008 141112s2004 ck r 000 u spa d
020 _a0892950242
040 _aCO-ViMGA
_bspa
_cCO-ViMGA
082 0 4 _a860.4 A51p3
100 1 _aJimenez, Jose Olivo
_915346
245 1 0 _aLa presencia de Antonio Machado en la poesia española de posguerra
260 _aSociety of spanish and Américan studies,
_c1983
300 _a232 p.
490 _abiblioteca romantica hispanoAméricana - estudios y ensayos
650 1 4 _aMACHADO Y RUIZ ANTONIO 1875 - 1939, CRITICA E INTERPRETACION
_915347
650 1 4 _aUNAMANO U LUGO MIGUEL DE 1864 - 1936 - CRITICA E INTERPRETACION
_915348
942 _2ddc
_cBK
999 _c22299
_d22299